| 000 | 00498nam a2200157 i 4500 | ||
|---|---|---|---|
| 001 | 25710 | ||
| 003 | ES-MaACL | ||
| 007 | t| | ||
| 008 | 030102s1883 sp ||||1| spa d | ||
| 100 | 1 |
_aArdant du Picq, Charles. _922527 |
|
| 245 | 1 | 0 |
_aEstudios sobre el combate / _cpor el coronel Charles Ardant du Picq ; traducido por Antonio Monroy. |
| 260 |
_aMadrid : _bAlvarez Hermanos, _c1883. |
||
| 300 |
_a2 t. en 1 v. ; _c15 x 10 cm. |
||
| 700 | 1 |
_aMonroy, Antonio. _982280 |
|
| 852 |
_aES-MaACL _jG-10990 |
||
| 999 |
_c25710 _d25710 |
||